Harmonizing Health Data: A Machine Learning-Based Detection of Tuberculosis (TB) Co-Infection in HIV Patient’s Data in Pakistan/ (Record no. 611398)
[ view plain ]
| 000 -LEADER | |
|---|---|
| fixed length control field | 00608nam a22001697a 4500 |
| 003 - CONTROL NUMBER IDENTIFIER | |
| control field | NUST |
| 038 ## - RECORD CONTENT LICENSOR | |
| Staff Name | Nusrat Nadeem |
| 082 ## - DEWEY DECIMAL CLASSIFICATION NUMBER | |
| Classification number | 200 |
| 100 ## - MAIN ENTRY--PERSONAL NAME | |
| Personal name | Babar, Muhammad |
| 245 ## - TITLE STATEMENT | |
| Title | Harmonizing Health Data: A Machine Learning-Based Detection of Tuberculosis (TB) Co-Infection in HIV Patient’s Data in Pakistan/ |
| Statement of responsibility, etc. | Muhammad Babar, |
| 264 ## - PRODUCTION, PUBLICATION, DISTRIBUTION, MANUFACTURE, AND COPYRIGHT NOTICE | |
| Place of production, publication, distribution, manufacture | Islamabad; |
| Name of producer, publisher, distributor, manufacturer | SEECS NUST; |
| Date of production, publication, distribution, manufacture, or copyright notice | 2024. |
| 300 ## - PHYSICAL DESCRIPTION | |
| Extent | 113,p; |
| Other physical details | ill; |
| Dimensions | 30,cm. |
| 650 ## - SUBJECT ADDED ENTRY--TOPICAL TERM | |
| Topical term or geographic name entry element | MS- Information Technology |
| 700 ## - ADDED ENTRY--PERSONAL NAME | |
| Personal name | Supervisor: Dr. Rafia Mumtaz |
| 856 ## - ELECTRONIC LOCATION AND ACCESS | |
| Uniform Resource Identifier | <a href="http://10.250.8.41:8080/xmlui/handle/123456789/46340">http://10.250.8.41:8080/xmlui/handle/123456789/46340</a> |
| 942 ## - ADDED ENTRY ELEMENTS (KOHA) | |
| Source of classification or shelving scheme | |
| Koha item type | Soft Copy |
| Withdrawn status | Permanent Location | Current Location | Shelving location | Date acquired | Full call number | Barcode | Koha item type |
|---|---|---|---|---|---|---|---|
| Central Library (CL) | Central Library (CL) | Thesis | 09/05/2024 | 200 | CL-T-7287 | Soft Copy |
